000 00849nam a2200181Ia 4500
008 100921s9999 xx 000 0 und d
082 _b22868
_a920.02 थ 78
100 _aखोले गजानन शं.
245 _aघडविले तयांना माउलींनी.
260 _bपुणे विद्यार्थीगृह प्रकाशन,पुणे.
_c1978
300 _a102
_bसावंत बुक एजन्सी
365 _b10
520 _aचरित्र- संग्रह,व्यिक्तचित्रे.
630 _aघडविले तयांना माउलींनी.
650 _aचरित्र- संग्रह,व्यिक्तचित्रे.
730 _aघडविले तयांना माउलींनी.
942 _cBOOK
999 _c771981
_d771978